000 01228cam a22003497a 4500
003 CHAP
005 20220329142947.0
008 050425d2002 mx a r 00010 spa d
010 _a90161
011 _a91133
020 _a9701036468
035 _a101691
040 _cCHAP
082 _a621
_bS4Y 2002
100 0 0 _aShigley, Joseph Edward.
_9105688
245 0 _aDiseño en ingeniería mecánica
_c/por Joseph E. Shigley and Charles R. Mischke
250 _a6ed.
260 _aMéxico, D.F. :
_bMcGraw-Hill,
_c2002.
300 _a1257 p.
_b: ilus. ; gráfs.
500 _aTrad. de : Mechanical engineering design, 6 ed. en inglés de 2001.
590 _aBATCH-UPD
_b10
_c20130110
_lUCH01
_h1955
590 _aBATCH-UPD
_b10
_c20130410
_lUCH01
_h1316
590 _aBATCH-UPD
_b10
_c20130914
_lUCH01
_h1641
590 _aCONVERSION
_b10
_c20130109
_lUCH01
_h1350
650 1 4 _aIngeniería mecánica.
_958260
700 0 _aMischke, Charles R.
_976173
901 _aBK
905 _aAlejandra Carrasco M.
942 _cLIBRO
949 _a621 S4Y 2002
_bBC
_cLIBRO
_d33724000799417
_eLIBRO
_h105339
_i101691
_kI.c/e
_si
_t$ 369.00
949 _a621 S4Y 2002
_bBC
_cLIBRO
_d33724000963062
_eLIBRO
_fc.2
_h106458
_i101691
_kI.c/e
_si
_t$ 369.00
999 _c90161
_d90161